IFM Opac

Economies of the world today (Record no. 13961)

MARC details
000 -LEADER
fixed length control field 00332nam a22001337a 4500
020 ## - INTERNATIONAL STANDARD BOOK NUMBER
International Standard Book Number 0155197177
082 ## - DEWEY DECIMAL CLASSIFICATION NUMBER
Classification number 330ECO
245 ## - TITLE STATEMENT
Title Economies of the world today
250 ## - EDITION STATEMENT
Edition statement 3rd ed
260 ## - PUBLICATION, DISTRIBUTION, ETC.
Place of publication, distribution, etc. New York
Name of publisher, distributor, etc. Harcourt Brace Jovanovich
Date of publication, distribution, etc. 1976
300 ## - PHYSICAL DESCRIPTION
Extent viii,180p
Other physical details ill,:25cm
650 ## - SUBJECT ADDED ENTRY--TOPICAL TERM
Topical term or geographic name entry element Economies of the world today
942 ## - ADDED ENTRY ELEMENTS (KOHA)
Koha item type Books
Holdings
Withdrawn status Lost status Damaged status Not for loan Home library Current library Shelving location Date acquired Total Checkouts Full call number Barcode Date last seen Price effective from Koha item type
Withdrawn       IFM Main Campus Library IFM Main Campus Library Archival Collection 11/13/2015   330ECO 0000007122 11/13/2015 02/19/2022 Books